Movies Quiz

Random Movies or Year Quiz

1-Word Movies of the Last 25 Years Quiz Stats

 Plays Quiz Updated Jul 30, 2018

Score 0/25 Timer 08:00
9 Plays Today
% Correct
Cars
96.7%
Shrek
96.3%
Avatar
96%
Elf
93.9%
Tarzan
91.9%
Godzilla
91.6%
Deadpool
89.6%
Braveheart
89.1%
Transformers
87%
Titanic
86.3%
Speed
82.2%
Dunkirk
81.5%
Gravity
79.4%
% Correct
Fargo
76.3%
Troy
73.9%
Inception
69.3%
Argo
66.3%
Rio
66.1%
Hancock
64.9%
Memento
57.5%
Signs
53.8%
Tombstone
47.8%
Pleasantville
45.8%
Serenity
30.5%
Carol
26%

You're not logged in!

Compare scores with friends on all Sporcle quizzes.
OR
Log In

Sporcle TV

Today on Sporcle TV


Watch our educational content, quiz creation guides, and fun videos on Sporcle TV.

Show Comments

Extras

Top Quizzes Today


Score Distribution

Your Account Isn't Verified!

In order to create a playlist on Sporcle, you need to verify the email address you used during registration. Go to your Sporcle Settings to finish the process.

Report this User

Report this user for behavior that violates our Community Guidelines.

Details: